| 000 | 01201nac a22003497a 4500 | ||
|---|---|---|---|
| 001 | BR9703973 | ||
| 003 | BR-BrBNA | ||
| 005 | 20240105121934.0 | ||
| 008 | 230509b bl.|||m| |||| 00| 0 por d | ||
| 040 |
_aBR-BrBNA _bpor _cBiblioteca Nacional de Agricultura |
||
| 072 | _aH20 | ||
| 090 | _a2110 BR9703973 | ||
| 100 | 1 | _aMendes, F.A.T. | |
| 100 | 1 | _aOliveira, L.P. de | |
| 100 | 1 | _aSilva, I.F. da | |
| 100 | 1 | _aAlmeida, J.L.T. de | |
| 100 | 1 | _aCarvalho, M.M. de | |
| 100 | 1 | _aTeixeira, C.D.B. | |
| 100 | 1 | _aZacchi, A.H. | |
| 110 | 1 |
_aComissao Executiva do Plano da Lavoura Cacaueira, Belem, PA (Brasil) _92092 |
|
| 245 | 1 | _aRecuperacao agro-economica de areas cacaueiras altamente infectadas por vassoura-de-bruxa (Crinipellis perniciosa)na Amazonia brasileira | |
| 260 | 3 |
_aBelem, PA (Brasil): _c1997. |
|
| 300 | _a16 p. | ||
| 490 |
_aBoletim Tecnico - Comissao Executiva do Plano da Lavoura Cacaueira (Brazil) _vno. 14 _xISSN 0102-5511 |
||
| 500 | _a16 ref.; 5 tables; Summaries (En, Pt) | ||
| 650 | _aCacau | ||
| 650 | _aVassoura-de-Bruxa | ||
| 650 | _aControle Cultural | ||
| 650 | _aAmazonia | ||
| 909 |
_a202312 _bLúcia Elande _c55 _dLúcia Elande |
||
| 942 |
_2AGRIS _n0 _cMS |
||
| 999 |
_c288332 _d288332 |
||